| 000 | 00664nam a22002177a 4500 | ||
|---|---|---|---|
| 999 |
_c20386 _d20386 |
||
| 003 | AR-CdUCM | ||
| 008 | 190502b ||||| |||| 00| 0 spa d | ||
| 040 |
_aMUNICIPALIDAD PROVINCIAL DEL CUSCO _cBIBLIOTECA MUNICIPAL DEL CUSCO |
||
| 082 |
_a985.009 / _bAL47 |
||
| 100 |
_aAlva Orlandini, Hernan _935590 |
||
| 245 | _aBiblioteca hombres del Perú / | ||
| 260 |
_aLima : _bUniversitaria, _c1966. |
||
| 300 |
_a114 páginas ; _c20 cm. |
||
| 440 |
_aserie _n4 _936881 |
||
| 500 | _aTodo, acerca de hombres importantes del Perú | ||
| 650 |
_aHistoria _9136 |
||
| 650 |
_aÉpoca Prehispánica _92714 |
||
| 650 |
_aPerú _935 |
||
| 942 |
_2ddc _cLIBROS |
||
| 945 | _aAndy | ||